Lanean...
Keralathile thozhilaliprasthanathinte charithram /
| Egile nagusia: | |
|---|---|
| Formatua: | Printed Book |
| Argitaratua: |
Thiruvananthapuram :
Chintha publishers,
2014.
|
| Gaiak: |
| LEADER | 00510nam a22001457a 4500 | ||
|---|---|---|---|
| 020 | |a 9385015493 | ||
| 082 | |a 322.295483 |b NAI.K | ||
| 100 | |a Nair, G D. | ||
| 245 | |a Keralathile thozhilaliprasthanathinte charithram / |c by G D Nair. | ||
| 260 | |a Thiruvananthapuram : |b Chintha publishers, |c 2014. | ||
| 300 | |a 184 p. | ||
| 650 | |a history | ||
| 942 | |c BK | ||
| 999 | |c 316381 |d 316381 | ||
| 952 | |0 0 |1 0 |4 0 |6 322_295483000000000_NAI_K |7 0 |8 MAL |9 338383 |a POL |b POL |c GEN |d 2020-12-03 |l 0 |o 322.295483 NAI.K |p POL21388 |r 2020-12-03 |w 2020-12-03 |y BK | ||